Der Realismus in der schweizerischen Literatur.

Bibliographic Details
Main Author: Fehr, Karl
Format: Book
Language:German
Published: Bern : Francke, [1965]
Subjects:

MARC

Tag First Indicator Second Indicator Subfields
LEADER 00000cam a2200000 4500
001 in00000356830
005 20151011063552.0
008 740402s1965 gw b 00000 ger
010 |a  67076606  
035 |a (OCoLC)00846896 
035 |9 ABN2662AM 
040 |c YNG  |d TXA  |d UtOrBLW 
049 |a TXAM  |c [1110281] 
050 0 0 |a PT3817  |b .F4 
100 1 |a Fehr, Karl. 
245 1 4 |a Der Realismus in der schweizerischen Literatur. 
264 1 |a Bern :  |b Francke,  |c [1965] 
300 |a 296 pages ;  |c 24 cm. 
336 |a text  |b txt  |2 rdacontent 
337 |a unmediated  |b n  |2 rdamedia 
338 |a volume  |b nc  |2 rdacarrier 
504 |a Bibliographical references included in "Anmerkungen" (pages 283-292). 
650 0 |a Swiss literature (German) 
650 0 |a Realism in literature. 
999 |a MARS 
999 f f |s 7c215871-1fda-3f72-88cc-ee4f9d1b57ed  |i f05334b5-0efc-39c7-89c3-e767e6f0129c  |t 0 
952 f f |p normal  |a Texas A&M University  |b College Station  |c Sterling C. Evans Library  |d Evans: Library Stacks  |t 0  |e PT3817 .F4  |h Library of Congress classification  |i unmediated -- volume  |m A14804180914 
998 f f |a PT3817 .F4  |t 0  |l Evans: Library Stacks